| Tag |
First Indicator |
Second Indicator |
Subfields |
| LEADER |
00000cam a22000008a 4500 |
| 001 |
in00000069439 |
| 005 |
20151008053354.0 |
| 008 |
820120s1982 nyu 00110 eng |
| 010 |
|
|
|a 82001379
|
| 020 |
|
|
|a 0517546671
|
| 035 |
|
|
|a (OCoLC)08171208
|
| 035 |
|
|
|9 AAH7214AM
|
| 039 |
0 |
|
|a 2
|b 3
|c 3
|d 3
|e 3
|
| 040 |
|
|
|a DLC
|c DLC
|d TXA
|d UtOrBLW
|
| 049 |
|
|
|a TXAM
|c [1673657]
|
| 050 |
0 |
0 |
|a QB631
|b A753 1982
|
| 082 |
0 |
|
|a 550
|2 19
|
| 100 |
1 |
|
|a Asimov, Isaac,
|d 1920-1992.
|
| 245 |
1 |
0 |
|a Exploring the earth and the cosmos :
|b the growth and future of human knowledge /
|c Isaac Asimov.
|
| 250 |
|
|
|a 1st ed.
|
| 263 |
|
|
|a 8204
|
| 264 |
|
1 |
|a New York :
|b Crown,
|c [1982]
|
| 264 |
|
4 |
|c ©1982
|
| 300 |
|
|
|a xii, 339 pages ;
|c 24 cm.
|
| 336 |
|
|
|a text
|b txt
|2 rdacontent
|
| 337 |
|
|
|a unmediated
|b n
|2 rdamedia
|
| 338 |
|
|
|a volume
|b nc
|2 rdacarrier
|
| 500 |
|
|
|a Includes index.
|
| 651 |
|
0 |
|a Earth (Planet)
|x Popular works.
|
| 651 |
|
0 |
|a Outer space
|x Popular works.
|
| 650 |
|
0 |
|a Astronomy
|v Popular works.
|
| 999 |
|
|
|a MARS
|
| 999 |
f |
f |
|s 8d8cd1f3-e0e2-33bd-80ba-2e2b384f867c
|i 20a1fc3d-4aa2-3d8e-88d1-327f09e09dc8
|t 0
|
| 952 |
f |
f |
|p ric
|a Texas A&M University
|b Rellis Campus
|c Joint Library Facility
|s JLF
|d Remote Storage
|t 0
|e QB631 A753 1982
|h Library of Congress classification
|i unmediated -- volume
|m A14806028215
|
| 952 |
f |
f |
|p normal
|a Texas A&M University
|b College Station
|c Sterling C. Evans Library
|s Evans stk
|d Evans: Library Stacks
|t 0
|e QB631 A753 1982
|h Library of Congress classification
|i unmediated -- volume
|m A14805947123
|
| 998 |
f |
f |
|a QB631 A753 1982
|t 0
|l Remote Storage
|
| 998 |
f |
f |
|a QB631 A753 1982
|t 0
|l Evans: Library Stacks
|